| 000 | 00738nam a2200229Ia 4500 | ||
|---|---|---|---|
| 005 | 20250508165918.0 | ||
| 008 | 008 250505s9999 xx 000 0 eng d | ||
| 020 | _a0-691-04328-0 | ||
| 037 | _aTextual | ||
| 040 |
_aFEDL _beng _cFEDL |
||
| 041 |
_aeng _2eng |
||
| 084 |
_a331.31, FYF _qFEDL |
||
| 100 |
_aFyfe A _9782389 |
||
| 245 | 0 | _aTrade union and child labour: A guide to action | |
| 260 |
_aGeneva, Switzerland _bInternational Labour Organisation _c1997 |
||
| 300 | _axii, 108p. | ||
| 490 | _aInternational Labour Organization | ||
| 546 | _aGifted by H.O.D. Namita Ranganathan in memory of Prof. Arvind Gaysu | ||
| 700 |
_a Jankanish M _9782390 |
||
| 942 |
_cTEXL _h331.31, FYF |
||
| 999 |
_c1398154 _d1398154 |
||